| 000 | 00684nam a2200193 i 4500 | ||
|---|---|---|---|
| 001 | 42019 | ||
| 003 | ES-MaACL | ||
| 005 | 20251116063053.0 | ||
| 007 | t| | ||
| 008 | 030312s1969 sp ||||1| spa d | ||
| 100 | 1 |
_aCasas Torres, José Manuel, _d1916-2010 _936236 |
|
| 245 | 1 | 0 |
_aEspaña _b: atlas e índices de sus términos municipales / _c[José Manuel Casas Torres]. |
| 260 |
_aMadrid : _bConfederación Española de Cajas de Ahorros, _c1969. |
||
| 300 |
_a2 v. ; _c37 cm. |
||
| 500 | _aEl 2º volumen corresponde a los mapas. | ||
| 710 | 2 |
_aConfederación Española de Cajas de Ahorros. _93148 |
|
| 852 |
_aES-MaACL _jC-40889-90 _bR.69920 |
||
| 999 |
_c42019 _d42019 |
||